Top 10 Countries With Highest Lowest Points - Statistics

General Stats
  • This quiz has been taken 53 times
  • The average score is 27 of 39
Answer Stats
# Lowest point Answer % Correct
22 97 m Bhutan
93%
26 70 m Nepal
91%
3 840 m Andorra
85%
24 90 m Bolivia
85%
9 430 m Liechtenstein
80%
29 46 m Paraguay
78%
18 193 m Switzerland
78%
12 335 m Central African Republic
76%
14 300 m Tajikistan
76%
20 160 m Chad
74%
33 23 m Mali
74%
6 518 m Mongolia
74%
21 115 m Austria
72%
34 21 m Swaziland
72%
16 258 m Afghanistan
70%
17 200 m Burkina Faso
70%
11 350 m South Sudan
70%
24 90 m Belarus
67%
21 115 m Czech Republic
67%
8 435 m Kyrgyzstan
67%
26 70 m Laos
67%
1 1,400 m Lesotho
67%
23 94 m Slovakia
67%
13 329 m Zambia
67%
25 76 m Hungary
65%
30 37 m Malawi
65%
17 200 m Niger
65%
27 55 m San Marino
65%
4 772 m Burundi
63%
2 950 m Rwanda
63%
32 28 m Serbia
63%
31 33 m Vatican City
63%
28 50 m Macedonia
61%
15 297 m Kosovo
59%
35 2 m Moldova
59%
19 162 m Zimbabwe
59%
5 621 m Uganda
54%
10 400 m Armenia
50%
7 513 m Botswana
39%
No matching quizzes found
Score Distribution
Percent of People with Each Score
Percentile by Number Answered
Your Score History
You have not taken this quiz